Kirjaimella B alkavia kaupunkeja kartalla - Statistics

Yleistilastot
  • Tätä visaa on pelattu 1 305 kertaa
  • Keskiarvotulos 18 / 30
Vastaukset kartalla
Vastauksille on annettu kartalla punavihreä väri sen mukaan, kuinka moni on saanut sen oikein.
 
Vastaustilastot
Kaupunki % Oikein
Berliini
89%
Bryssel
87%
Brasília
85%
Boston
84%
Barcelona
82%
Bergen
82%
Budapest
82%
Bukarest
81%
Bangkok
80%
Bogotá
78%
Belgrad
76%
Buenos Aires
76%
Bagdad
74%
Birmingham
73%
Baku
70%
Beirut
66%
Brisbane
63%
Bologna
59%
Bordeaux
51%
Brazzaville
49%
Baltimore
45%
Bamako
43%
Busan
39%
Bangalore
37%
Bloemfontein
37%
Belo Horizonte
35%
Bursa
25%
Belem
24%
Barranquilla
22%
Bandung
21%
Ehtoja vastaavia visoja ei löytynyt
Tulosjakauma
Jokaisen tuloksen saaneiden osuus
Persentiili vastausten määrän mukaan
Tuloshistoriasi
Et ole pelannut tätä visaa